| 000 | 02026nam a2200313 4500 | ||
|---|---|---|---|
| 003 | EC-UNACH | ||
| 005 | 20251107124605.0 | ||
| 006 | s||||gr|||| 00| 00 | ||
| 008 | 150116t9999 mx r gr 000 0 spa d | ||
| 020 | _a978-9942-9906-5-5 | ||
| 040 |
_aEC-UNACH _cEC-UNACH |
||
| 041 | _aspa | ||
| 082 | 0 | 4 |
_223 _a330 _bL013042 |
| 110 | _aEditorial Juan Guijarro | ||
| 245 | _aConocimiento y políticas públicas de economía social y solidaria : problemas y propuestas | ||
| 250 | _aPrimera edición | ||
| 264 |
_aEcuador _bEditorial Juan Guijarro _c2012 |
||
| 300 | _a227 | ||
| 505 | _aParte 1- Planteamientos generales entre conocimiento y políticas de economía social y solidaria 1-- A experiencia brasileira más políticas públicas para a ESS 2- La economía social y solidaria en Europa y en Francia 3- Avances y limites en la producción de conocimientos sobre la economía solidaria en Brasil 4- Economía social y solidaria las relaciones entre conocimiento y políticas públicas 5- Solo se puede ver bien con el corazón - - Parte 2- 6- Importancia del conocimiento de la Genesis y actores de la economía popular y solidaria en las políticas públicas el caso de las comunas circunsquiteñas 7- Algunas ideas acerca de investigaciones que pueden contribuir al diseño de políticas públicas orientadas al desarrollo de la economía popular y solidaria 8- Acciones de política pública en economía social y solidaria 9- Las políticas públicas para la economía social y solidaria en ecuador el estado de conocimiento líneas de investigación en marcha y las prioridades de investigación 10- Conclusiones , reflexiones y recomendaciones | ||
| 650 | _aConocimiento y políticas de economía | ||
| 650 | _aIdeología del progreso y el surgimiento | ||
| 650 | _aEmergencia de la economía solidaria | ||
| 700 | _aJosé Luis Coraggio | ||
| 942 |
_2ddc _c1 |
||
| 999 | _c14126 | ||